[Event "FRA-ch op-D"]
[Site "Pau"]
[Date "2012.08.18"]
[Round "5"]
[White "Salvi, Michel"]
[Black "Levinski, Jean Pierre"]
[Result "1-0"]
[WhiteElo "1499"]
[BlackElo "1418"]
[PlyCount "35"]
[EventDate "2012.08.14"]
[EventType "swiss"]
[EventRounds "11"]
[EventCountry "FRA"]
[SourceTitle "EXT 2014"]
[Source "ChessBase"]
[SourceDate "2013.11.20"]
[SourceVersion "1"]
[SourceVersionDate "2013.11.20"]
[SourceQuality "1"]

1. e4 c5 2. Nf3 Nc6 3. Bc4 g6 4. d4 cxd4 5. Nxd4 Bg7 6. Be3 Nf6 7. Nc3 0-0 8. f3 Qb6 9. Qd2 Nxe4 10. fxe4 Bxd4 11. Bxd4 Qxd4 12. Bd3 a6 13. h4 Ne5 14. 0-0-0 d6 15. Qf4 f6 16. h5 g5 17. Qf1 Ng4 18. Bc4+ 1-0

[Event "Bagnoles de l'Orne"]
[Site "Bagnoles de l'Orne"]
[Date "2009.06.01"]
[Round "5"]
[White "Levinski, Jean Pierre"]
[Black "Kulhaneck, Martial"]
[Result "0-1"]
[WhiteElo "1400"]
[BlackElo "1754"]
[PlyCount "103"]
[EventDate "2009.05.30"]
[EventType "swiss"]
[EventRounds "6"]
[EventCountry "FRA"]
[SourceTitle "CBM 130 Extra"]
[Source "ChessBase"]
[SourceDate "2009.07.02"]
[SourceVersion "2"]
[SourceVersionDate "2009.07.15"]
[SourceQuality "1"]

1. d4 d5 2. Nf3 Nf6 3. e3 e6 4. Bd3 Bd6 5. Nbd2 Nbd7 6. 0-0 c6 7. Re1 0-0 8. e4 dxe4 9. Nxe4 Be7 10. Bf4 Nxe4 11. Bxe4 Nf6 12. Bd3 Re8 13. c3 Bd6 14. Bxd6 Qxd6 15. Qc2 h6 16. Re2 Bd7 17. Rd1 Rad8 18. Ne5 Bc8 19. Qa4 a6 20. h3 c5 21. Nc4 Qf8 22. dxc5 Qxc5 23. Red2 Bd7 24. Qa5 Qxa5 25. Nxa5 Rb8 26. Be4 b6 27. Nb3 Ba4 28. Bc2 Bc6 29. Nd4 Bd5 30. Bb3 Ba8 31. Bc4 b5 32. Be2 e5 33. Nf5 e4 34. Ne3 Kh7 35. b4 Ng8 36. Rd6 Bb7 37. Nd5 Bxd5 38. R1xd5 Nf6 39. Rc5 Ra8 40. Rcc6 e3 41. fxe3 Rxe3 42. Bd3+ Kh8 43. Kf2 Re5 44. Rxa6 Rb8 45. Rdb6 Rc8 46. Rxb5 Re7 47. Rc5 Rd8 48. Bb5 Ne4+ 49. Kf3 Nxc5 50. bxc5 Rc8 51. c6 Rec7 52. Bd3 0-1

[Event "Bagnoles de l'Orne"]
[Site "Bagnoles de l'Orne"]
[Date "2009.05.30"]
[Round "1"]
[White "Mirguet, Bernard"]
[Black "Levinski, Jean Pierre"]
[Result "1-0"]
[WhiteElo "1747"]
[BlackElo "1400"]
[PlyCount "37"]
[EventDate "2009.05.30"]
[EventType "swiss"]
[EventRounds "6"]
[EventCountry "FRA"]
[SourceTitle "CBM 130 Extra"]
[Source "ChessBase"]
[SourceDate "2009.07.02"]
[SourceVersion "2"]
[SourceVersionDate "2009.07.15"]
[SourceQuality "1"]

1. e4 c5 2. Nf3 g6 3. d4 cxd4 4. Nxd4 Bg7 5. Nc3 Nc6 6. Be3 Nf6 7. Bc4 0-0 8. f3 a6 9. Qd2 b5 10. Bb3 Bb7 11. g4 d6 12. h4 h5 13. gxh5 Nxh5 14. 0-0-0 Nxd4 15. Bxd4 Bxd4 16. Qxd4 Rb8 17. Rhg1 Ba8 18. Rxg6+ Kh7 19. Rg5 1-0